Most Visited Tourist Attractions in London - Statistics

General Stats
  • This quiz has been taken 30 times
  • The average score is 5 of 20
Answer Stats
Answer % Correct
Tower of London
89%
Westminster Abbey
67%
British Museum
59%
St Paul's Cathedral
59%
Natural History Museum (South Kensington)
41%
Tower Bridge
41%
Tate Modern
37%
Victoria and Albert Museum (South Kensington)
37%
The National Gallery
22%
Science Museum
19%
Tate Britain
19%
ZSL London Zoo
19%
National Portrait Gallery
15%
Royal Albert Hall
11%
Royal Museums Greenwich
4%
British Library
0%
Royal Botanic Gardens, Kew
0%
Somerset House
0%
Southbank Centre
0%
The Barbican Centre
0%
No matching quizzes found
Score Distribution
Percent of People with Each Score
Percentile by Number Answered
Your Score History
You have not taken this quiz